[Event "Madrid Magistral 6th"]
[Site "Madrid"]
[Date "1997.05.27"]
[Round "6"]
[White "Piket, Jeroen"]
[Black "Topalov, Veselin"]
[Result "0-1"]
[WhiteElo "2640"]
[BlackElo "2725"]
[Annotator "Ftacnik,L"]
[PlyCount "54"]
[EventDate "1997.06.??"]
[EventType "tourn"]
[EventRounds "9"]
[EventCountry "ESP"]
[EventCategory "17"]
[SourceTitle "CBM 059"]
[Source "ChessBase"]
[SourceDate "1997.08.01"]
[SourceVersion "1"]
[SourceVersionDate "1997.08.01"]
[SourceQuality "1"]

1. d4 Nf6 2. c4 c5 3. d5 b5 4. cxb5 a6 5. e3 g6 6. Nc3 Bg7 7. a4 O-O 8. Ra3 Bb7
9. Nf3 e6 10. dxe6 fxe6 11. Be2 $6 (11. Qd6 axb5 (11... Ne4 12. Nxe4 Bxe4 13.
Bd3 Bb7 14. Qxc5 axb5 15. axb5 d6 16. Qb4 Qc7 17. O-O Nd7 18. Rxa8 Rxa8 19. Bd2
Nc5 20. Bc2 Qb6 21. Bc3 Bxc3 22. bxc3 Bxf3 23. gxf3 Ra2 24. Rc1 {1-0 Flear,
G-Fedorowicz,J/Brussels OHRA op (08)/1987 (41)}) (11... Bxf3 12. gxf3 Qc8 13.
f4 Ne8 14. Qd1 axb5 15. Bxb5 Nc7 16. Be2 d5 17. h4 Nc6 18. h5 Ne7 19. hxg6 hxg6
20. e4 Qb7 21. Nb5 c4 22. Bg4 Ra6 23. Nxc7 Qxc7 24. exd5 exd5 25. Qe2 Nf5 {
1-0 Thorsteins,K-Meinsohn,P/Lyon op/1990 (42)}) (11... Qa5 12. Bd2 Qb4 13. Nd1
Qg4 14. Qg3 Qf5 15. Qg5 Ne4 16. Qxf5 gxf5 17. Ba5 d5 18. Be2 Nd7 19. O-O Rfc8
20. Be1 c4 {0-1 Marszalek,R-Berg,K/Pernik (04)/1984 (43)}) (11... Qc8 12. Be2
Ne8 13. Qg3 (13. Qd2 d5 14. O-O Nd7 15. b3 Nd6 16. Bb2 Rf5 17. bxa6 Bxa6 18.
Nb5 Bxb5 19. axb5 Rxa3 20. Bxa3 Ne4 21. Qa5 Nc3 {1/2-1/2 Jelen,Ig-Baklan,V/
Groningen op (06) 1996 (33)}) 13... d5 (13... axb5 $1 14. Bxb5 (14. Nxb5 $1 d5
$6 (14... Na6 $5 {Catalan}) 15. Ng5 {/\ Qh3} (15. O-O Nc6 16. b3 Ne7 17. Ra2
Nf5 18. Qh3 e5 19. Ba3 e4 20. Nh4 Rf6 21. Rc2 c4 22. Bb2 Rf7 23. Nxf5 gxf5 24.
Bxg7 Rxg7 25. Rfc1 Qd7 26. bxc4 Rxa4 27. Nd4 {1-0 Fedorowicz,J-Kohlweyer,B/
Dortmund/1986/}) 15... Ra6 16. O-O (16. Bg4 $6 Nf6 17. Nc7 Nxg4 18. Nxa6 Bxa6
$44) 16... c4 17. Bg4 Rf6 18. e4 $1 dxe4 19. Re3 Bh6 (19... Rf5 20. Nxe4 $1 $16
) 20. Rc3 $16 {Al Thani-Logins/corr/1991/}) 14... Bxf3 15. gxf3 Nc6 16. O-O Ne5
17. Be2 d5 18. Bd2 (18. f4 {>=}) 18... Nd6 19. b3 Nf5 20. Qh3 g5 $1 $17 {
Martin del Campo,J-Fedorowicz,J/Mexico/1991/}) 14. O-O Nf6 (14... axb5 $1) 15.
Qh3 (15. Bd2 Qe8 16. Ra2 Qe7 17. Rd1 Nh5 18. Qg4 axb5 19. Bxb5 Nc6 20. Be1 Rf5
21. a5 Nb4 22. Ra4 Rb8 23. a6 Ba8 24. e4 Rf4 25. Qh3 d4 {1-0 Conquest,S-Mainka,
R/Dortmund-B/1987 (43)}) 15... Qe8 (15... axb5 16. axb5 Rxa3 17. bxa3) 16. Rd1
Qe7 (16... Nbd7 17. Ng5) 17. Ng5 $1 Bc8 18. Bg4 axb5 19. Nxd5 exd5 20. Bxc8 b4
21. Rad3 h6 22. Be6+ Kh8 23. Bxd5 Nxd5 24. Rxd5 {1-0 Tarjan,J-Benjamin,J/
USA-ch (10) ;MCL 03 1983 (37)}) 12. Bxb5 Na6 (12... Qc8 13. O-O Ne8 14. Qg3
Bxf3 15. gxf3 d5 16. e4 d4 17. Ne2 Nc6 18. Bd2 Ne5 19. Rc1 d3 20. f4 dxe2 21.
fxe5 Qc7 22. Bc3 Bh6 {1/2-1/2 Boissonet,C-Matamoros,C/WchJ Gausdal (11)/1986 
(29)}) (12... Ne4 13. Nxe4 Bxe4 14. Bd3 (14. O-O Rf5 15. Be2 (15. Rd1 Qf6 16.
Nd2 Bc2 17. Rf1 Qd8 18. Nf3 Bf8 19. Qg3 d5 20. Qh3 Qf6 21. Ne1 Bd1 22. f3 c4
23. g4 Re5 24. Ng2 Bb3 {Burger,K-Alburt,L/New York Kavkasian/1983/1/2-1/2 (54)}
) 15... Nc6 16. Qg3 d5 17. Qh3 Qe7 18. Nd2 Bc2 19. Bg4 Rf6 20. e4 Rxa4 21. exd5
Rxa3 22. Qxa3 exd5 23. Nf3 {1/2-1/2 Petursson,M-Hodgson,J/Moscow-A/1987 (27)})
14... Bxd3 15. Qxd3 (15. Rxd3 Qa5+ 16. Bd2 Qxa4 17. Ra3 Qc6 18. Qxc6 Nxc6 19.
Bc1 Rab8 20. b3 Rb5 21. Kd1 Rfb8 22. Kc2 Nb4+ 23. Kd2 d5 {0-1 Babu,NS-Hebden,M/
London Lloyds/1990 (36)}) 15... d5 16. b3 Nc6 17. O-O Qe7 18. e4 d4 19. Bd2 h6
20. Ra2 Rf7 21. Qb5 Rc8 22. Rc2 Rxf3 23. Rxc5 {1-0 Stone,R-Popovych,O/
Philadelphia (05)/1989 (37)}) 13. O-O Rc8 14. e4 Nb4 15. e5 Bxf3 16. exf6 Qxf6
17. gxf3 Nc2 18. Ne4 Qh4 19. Bg5 Qh5 20. Bxd7 Nxa3 21. Bxe6+ Kh8 22. Bg4 {
1-0 Andruet,G-Widmann,Ru/Dortmund op (10)/1986/}) 11... d5 (11... axb5 12. Nxb5
d5 13. O-O {1/2-1/2 Schmidt,Wl-Popov,L/Warsaw zt-B (03)/1979/}) 12. bxa6 (12.
O-O $5 axb5 13. Nxb5 Nc6 14. Bd2 Qe7) 12... Nxa6 13. O-O Nb4 14. Bd2 Qe7 15.
Nb5 Nc6 (15... e5 16. Bxb4 cxb4 17. Ra1 Rfd8 $44) 16. Qb1 (16. Bc3 e5 17. a5 d4
$36) 16... e5 {White has only limited possibilities to counter the massive
black pawn center. Weiss hat nur begrenzte Moglichkeiten dem massivem
schwarzem Zentrum zu wiederstehen.} 17. h3 Kh8 (17... Ne4 $5 18. Qc2 (18. Rd1
Nxf2 $1 19. Kxf2 e4 20. Bc3 exf3 21. gxf3 Ne5 $17) (18. Bc4 $2 dxc4 19. Qxe4
Nd4 $19)) 18. Rc1 e4 19. Nh2 (19. Ne1 d4 $15) 19... d4 20. exd4 (20. Ng4 d3 (
20... Nxg4 21. Bxg4 Ne5 22. exd4 cxd4 23. Rc7 Qh4 24. Be1 Nxg4 25. hxg4 Bd5 26.
Qd1 d3 $13) 21. Bd1 Nxg4 22. Bxg4 Ne5 $17) 20... cxd4 21. Qa2 $6 (21. b4 Nd5
22. Rc5 Rad8 $13 (22... Rf5 23. Bg4 Re5 24. Qb3 $16) (22... e3 23. fxe3 dxe3
24. Rxd5 exd2 25. Rxd2 Rxa4 26. Rxa4 Qe3+ 27. Kh1 Qxd2 28. Qd1 Qxd1+ 29. Bxd1
Rf4 $11)) 21... Rad8 22. a5 d3 23. Bg4 (23. Bd1 Nd5 24. Ng4 (24. a6 Rxf2 $1 25.
Nf3 Ncb4 26. Qc4 Rxd2 27. Nxd2 Bxa6 $17) 24... h5 25. Ne3 Qf6 $15) (23. Bf1 Nd5
) 23... Nd5 24. a6 Ncb4 (24... Qf6 25. Rf1 Ncb4 26. Bxb4 Nxb4 27. Qe6 Nxa6 $17)
25. Qb3 (25. Qa1 Bc6 26. Nc3 (26. Bxb4 Nxb4 27. Rxc6 Nxc6 28. a7 Ra8 $19) 26...
Nc2 27. Rxc2 dxc2 $17) 25... Nxa6 26. Nc7 (26. Nc3 e3 27. fxe3 Nxe3 $17) 26...
Naxc7 27. Qxb7 Rb8 (27... Rb8 28. Qc6 (28. Qa7 Bxb2 $19) 28... Rxb2 $19) 0-1

[Event "Novgorod"]
[Site "Novgorod"]
[Date "1997.06.16"]
[Round "5"]
[White "Short, Nigel D"]
[Black "Topalov, Veselin"]
[Result "0-1"]
[WhiteElo "2690"]
[BlackElo "2725"]
[Annotator "Atlas,V"]
[PlyCount "90"]
[EventDate "1997.06.11"]
[EventType "tourn"]
[EventRounds "10"]
[EventCountry "RUS"]
[EventCategory "19"]
[SourceTitle "CBM 060"]
[Source "ChessBase"]
[SourceDate "1997.09.29"]
[SourceVersion "1"]
[SourceVersionDate "1997.09.29"]
[SourceQuality "1"]

1. e4 c5 2. Nf3 d6 3. d4 cxd4 4. Nxd4 Nf6 5. Nc3 a6 6. Be3 Ng4 7. Bg5 h6 8. Bh4
g5 9. Bg3 Bg7 10. Be2 h5 11. Bxg4 Bxg4 12. f3 Bd7 13. Bf2 Nc6 14. O-O e6 $5 ({
The main alternatives are:} 14... Rc8 15. Nd5 (15. Nxc6 bxc6 16. Bd4 f6 17. Qd3
Rb8 18. Nd1 c5 19. Bf2 O-O 20. Re1 a5 21. Rb1 Be6 22. Nc3 a4 23. Nd5 Qd7 24. b3
axb3 25. axb3 Rb7 26. f4 gxf4 27. Nxf4 Bf7 28. Nd5 Ra8 29. Rbd1 Kh8 30. Ne3 Qb5
$11 {Tiviakov,S-Georgiev,K/Cacak 1996}) 15... e6 16. Nxc6 Rxc6 17. Bd4 Be5 18.
Ne3 f6 19. Rf2 Ke7 20. c3 Qa5 21. Rd2 Rhc8 22. Bxe5 Qxe5 23. Rd4 Qc5 24. Qd2 h4
25. Rd1 b5 26. Kh1 Be8 27. Ng4 Qb6 28. e5 dxe5 29. Rd7+ Bxd7 30. Qxd7+ Kf8 31.
Qh7 Rd6 32. Qh8+ Kf7 33. Qxf6+ Kg8 34. Qxg5+ Kf8 35. Qf6+ Kg8 36. Nh6+ {
1-0 Bologan,V-Ribli,Z/Deutschland 1996}) (14... Ne5 15. Nde2 Rc8 16. Nd5 Be6
17. Bd4 Bxd5 18. exd5 Qa5 19. f4 gxf4 20. Nxf4 Qa4 21. c3 Qxd1 22. Raxd1 Rh7
23. Bxe5 Bxe5 24. Nd3 Bh8 25. Rf4 Kd7 26. Rdf1 Bf6 27. Rb4 $14 {Lanka,
Z-Ftacnik,L/EU-chTM Pula 1997 (69)}) 15. Nxc6 (15. Qd2 {followed by 16.Rad1
was worth considering.}) 15... Bxc6 16. Bd4 Be5 {Essential move. Otherwise
Whtie has a large advantage.} 17. Qd2 Qf6 18. Bxe5 $6 (18. Ne2 $5 {intending
advancement of the queenside pawns seems to be stronger.}) 18... dxe5 19. a4
O-O 20. b3 $2 ({Strange decision. Much stronger seems} 20. Ne2) 20... Rfd8 21.
Qe3 Qf4 $1 {Transforming game into a perspective ending, since the threat Rd2
is very unpleasant.} 22. Qxf4 gxf4 23. Rfd1 h4 24. Rxd8+ Rxd8 25. Rd1 Rc8 $1 {
Certainly, exchange of the second rook pair would be in White's favor.} 26. Rd2
Kf8 27. Nd1 Ke7 28. Nf2 f5 29. Kf1 fxe4 30. fxe4 (30. Nxe4 {fails to} Bxe4 31.
fxe4 Rc3 $1) 30... a5 31. Ke2 Be8 $1 {Threatening 31...Rc3.} 32. Kd1 $2 ({
After this move White faces irreolvable problems.Essential was} 32. c4) 32...
Bh5+ (32... Rc3 $2 {is strongly met by} 33. Rd3) 33. Kc1 (33. Ke1 {fails to}
Rc3) 33... Rg8 $1 {Starting the effective operations on the kingside.} 34. Nd3
h3 $1 {Excellent blow. This pawn sacrifice yields Black decisive advantage.}
35. gxh3 Rg1+ 36. Kb2 Bf3 37. Nxe5 Bxe4 {Intending to play 39...f3 followed by
Rg2.} 38. Rf2 Kf6 $1 39. Nc4 (39. Ng4+ Kg5) 39... Kg5 {/\f4-f3, Kg5-f4.} 40.
h4+ {A desperate attempt to push own passed pawn. Clearly, this march cannot
yield anything to White.} Kg4 41. h5 f3 42. h6 Kf4 43. Nd2 Rg6 44. h7 Rh6 45.
h8=Q Rxh8 0-1

[Event "Lost Boys 5th"]
[Site "Antwerp"]
[Date "1997.08.04"]
[Round "3"]
[White "Topalov, Veselin"]
[Black "Piket, Jeroen"]
[Result "1-0"]
[WhiteElo "2745"]
[BlackElo "2630"]
[Annotator "Winants,L"]
[PlyCount "69"]
[EventDate "1997.08.01"]
[EventType "tourn"]
[EventRounds "7"]
[EventCountry "BEL"]
[EventCategory "15"]
[SourceTitle "CBM 061"]
[Source "ChessBase"]
[SourceDate "1997.11.23"]
[SourceVersion "1"]
[SourceVersionDate "1997.11.23"]
[SourceQuality "1"]

{[%mdl 32]} 1. e4 {Mikhalevski,V. Novikov} e5 2. Nf3 Nc6 3. Bb5 a6 4. Ba4 Nf6
5. O-O Nxe4 6. d4 b5 7. Bb3 d5 8. dxe5 Be6 9. Nbd2 {La continuation d'Ossip
Bernstein que l'on retrouve également dans l'arsenal théorique d'Anatoly
Karpov ou de Garry Kasparov. Les Blancs poursuivent le développement et
envisagent de chasser le Né4 de son piédestal. D'autres possibilités seraient:
a) 9.c3 le coup classique, qui permet de redéployer le Fou en c2; b) 9.Dé2
suivi de Td1 et c4: l'attaque Keres} Nc5 10. c3 Be7 {On pourrait aussi jouer
10... d4 immédiatement. Mais, il faudrait alors disposer d'un remède contre le
sacrifice de Zaïtsev. 11.Ng5!? qui avait offert une splendide victoire au
champion PCA sur Anand, lors du dernier championnat du monde.} 11. Bc2 d4 {
Une percée typique dans cette ouverture. La position ne date d'ailleurs pas
d'hier puisque Capablanca en avait publié une analyse détaillée dès 1914.} 12.
Nb3 {Mikhalevski,V: There are two more options:} ({Sur} 12. Ne4 {, le coups
jadis recommandé, il suivrait:} d3 $1 ({Après} 12... dxc3 13. Nxc5 Bxc5 14. Be4
Qd7 15. bxc3 {les Blancs détiendraient l'avantage comme l'ont démontré deux
parties entre Capablanca et Chajes jouées а New York en 1915 et 1916.}) 13.
Nxc5 dxc2 14. Qxd8+ Rxd8 {(l'idée de Daniliuk)} 15. Nxe6 (15. Nxa6 Bc4 ({
Ou même} 15... Kd7 16. Bg5 Ra8 17. Bxe7 Rxa6 18. Ba3 Bd5 19. Rac1 Bxf3 20. gxf3
Nxe5 21. Rxc2 Nc4) 16. Re1 b4 17. Nxb4 (17. Nxc7+ Kd7 18. Nd2 Bxa2 19. Rxa2
Kxc7) 17... Nxb4 18. cxb4 Bxb4 19. Bg5 Bxe1 20. Bxd8 Bxf2+ 21. Kxf2 Kxd8 22.
Nd4 Re8 {et les Noirs sont bien}) 15... fxe6 16. Be3 Rd5 17. Rac1 Nxe5 18. Nxe5
Rxe5 19. Rxc2 Kf7 20. c4 b4 21. Rd1 Rd8 $11 {Avec égalité, Xie Jun-Z.Polgar
Championnat du monde féminin, Jaen 1996}) 12... d3 13. Bb1 (13. Nxc5 dxc2 {
reviendrait aux variantes précédentes.} (13... dxc2 {Mikhalevski,V} 14. Qxd8+
Rxd8 15. Nxe6 fxe6 16. Be3 O-O (16... Rd5 17. Rfc1 (17. Rac1 Nxe5 18. Nxe5 Rxe5
19. Rxc2 Kf7 {Xie Jun-Polgar,Zsu 1996}) 17... Nxe5 18. Nxe5 Rxe5 19. Rxc2 Kf7
20. a4 Rd8 21. g3 Red5 22. Kg2 Bc5 23. Bxc5 Rxc5 24. axb5 axb5 25. Re2 Rd6 26.
h4 h6 27. Rae1 Kf6 28. Re4 {1/2-1/2 Seibold,H-Pieper Emden,C/BL9091 1991}) 17.
Rac1 Rd5 18. c4 bxc4 19. Rxc2 Nxe5 20. Nxe5 Rxe5 21. Rxc4 $14 {1/2-1/2
Nevanlinna,R-Tuomala,T/Jyvaskyla op 1994 (49)})) 13... Nxb3 14. axb3 Bf5 15.
Be3 O-O (15... Bg6 {Mikhalevski,V} 16. Nd4 Nxe5 17. f4 c5 18. fxe5 cxd4 19.
Bxd4 $16 {1-0 Sawatzki,F-Pieper Emden,C/Karlsruhe 1997 (52)}) 16. Bd4 {'!'
Mikhalevski,V. Une nouveauté semble-t-il. Une partie Ulibin-Daniliuk, disputée
cette année, а la coupe de Russie, avait continué par:} (16. Nd4 Nxd4 17. cxd4
c5 {'!' Mikhalevski,V.} 18. Bxd3 cxd4 19. Bxd4 Qxd4 20. Bxf5 Qxb2 {etc.}) 16...
Qd5 17. Re1 {[%cal Ye1e3] 'N' Mikhalevski,V. Mikhalevski,V: /\Re3 and B:d3 La
prise du Pd3 aurait évidemment entraîné la chute de b3. C'est pourquoi Topalov
prépare Ré3.} ({Au lieu de cela,} 17. b4 {était aisément contré par} Bxb4) (17.
Bxd3 {Mikhalevski,V} Bxd3 18. Qxd3 Qxb3 19. Qe4 Nxd4 20. Nxd4 Qxb2 21. Nf5 Rae8
22. Rxa6 Qxc3 23. Rc6 Bc5 24. Qg4 g6 25. Nh6+ Kg7 26. Nf5+ Kh8 27. Qg5 Bxf2+
28. Rxf2 Qxc6 $19 {0-1 Maus,S-Pieper Emden,C/BL8889 1989/BL 80 (36)}) 17...
Rfd8 ({Un renforcement possible serait} 17... d2 $5 {et maintenant:} 18. Nxd2 (
18. Re2 Bxb1 19. Rxb1 Nxd4 20. Nxd4 (20. cxd4 Bb4) 20... Bg5 21. Nf3 Bh6 {
et les Noirs se portent а merveille}) (18. Qxd2 Bxb1 19. Raxb1 Qxb3) 18... Bxb1
({ou} 18... Nxd4) 19. Nxb1 Nxd4 20. cxd4 b4 $1 {(enfermant le Cavalier). Avec
un excellent contre-jeu}) 18. Re3 Nxd4 (18... Be4 {Mikhalevski,V} 19. Bxd3 Bxf3
20. Qxf3 Qxf3 (20... Nxd4 21. Qxd5 Rxd5 22. cxd4 $14) 21. Rxf3 Nxd4 22. cxd4
Rxd4 $140 23. Bxb5) 19. cxd4 (19. Nxd4 $6 {Mikhalevski,V} Bg6 20. b4 Bg5) 19...
c5 (19... Be4 $2 {Mikhalevski,V} 20. Bxd3 Bxf3 21. Qxf3 Qxd4 $2 22. Bxh7+ $1
Kxh7 23. Qh5+ Kg8 24. Rh3 $18) 20. Bxd3 cxd4 {Les Noirs sont parvenus а
conserver l'équilibre matériel, mais leur position présente encore quelque
danger car le pion d4 est vulnérable.} 21. Re2 {'!' Mikhalevski,V. Mikhalevski,
V: Very intresting position has arised.In the beginning it looks like 'Black
is OK',but white has a simple plan.He exchanges bishops,put his knight on d3
and white has clear advantage.Look at the position after 25 moves.Now
everything is clear.The knight on d3 is much stonger than black's bishop,pawn
on d4 is blocked and c-file is open for the white rooks.} Qe6 (21... Bxd3 $1 {
Mikhalevski,V Black had to put white's queen on d3.Piket probably had
forgotten that the queen is not as good blocker as the knight is.} 22. Qxd3
Rac8) 22. h3 $1 {[%cal Yd3f5,Yf3e1,Ye1d3] Mikhalevski,V: White is preparing
Ne1.It wasn't so good immediately because of 22...Bg4. [#] Un coup d'apparence
anodine, mais extrêmement venimeux du point de vue stratégique. Pour le
comprendre, il faut avant tout réaliser que le plan des Blancs consiste ici а
échanger le Bf5, pour conduire ensuite le Nf3 vers la case de blocage (d3) et
laisser ainsi les Noirs avec le mauvais Bé7.} ({Toutefois,} 22. Ne1 {
immédiatement, était réfuté par} Bg4 23. f3 Bh5 {suivi éventuellement de Bg5-й3
}) ({et} 22. Bxf5 Qxf5 23. Nxd4 Qf4 24. Rd2 Qxe5 25. Nc6 Rxd2 26. Qxd2 Bg5 $11
{conduisait а l'égalité.}) 22... Rd5 $2 {Mikhalevski,V: Now black missed the
last chance to play Piket a sous-estimé le danger.} ({Il était nettement
préférable de jouer} 22... Bb4 {[%csl Ge1] afin d'empêcher le transfert du
Cavalier blanc vers d3.} {Par exemple,} 23. Rc1 ({si} 23. Bxf5 Qxf5 24. Nxd4
Qf4) 23... Rac8 24. Bxf5 Qxf5 25. Rxc8 Qxc8 26. Nxd4 $4 Qd7 27. Re4 Bc5 {
et les Noirs gagnent.}) (22... Bxd3 $1 {Mikhalevski,V and after} 23. Qxd3 Rd5
$1) 23. Ne1 $1 {Mikhalevski,V: Now black is hopeless against B:f5 and Nd3.} a5
({Surtout pas} 23... Rxe5 $2 24. Rxe5 Qxe5 25. Qf3 $18 {avec attaque double.})
24. Bxf5 Qxf5 25. Nd3 {'+/-' Mikhalevski,V.} h5 26. Rc2 {Mikhalevski,V: Now
the c-file is also in the white's hands. Topalov a remarquablement manoeuvré
et son avantage est désormais évident: il domine la colonne -c- et le Fé7
manque de perspectives.} f6 {Mikhalevski,V: The situation on the board has
changed very quickly and black is in the panic.} 27. exf6 Bxf6 28. Qe2 Ra7 29.
Rac1 Re7 30. Qd1 Kh7 31. Rc5 {Premier signe d'invasion. Les fantassins de
l'aile-Dame seront bientôt assiégés.} g6 {'?!' Mikhalevski,V.} (31... Red7 $142
{Novikov}) 32. Rxd5 Qxd5 33. Rc5 Qb7 34. Qc2 Bg7 $2 {Mikhalevski,V: Blunder in
strategicly lost position. [#] Précipite les événements.} ({Pourtant après} 
34... Kg7 35. Rc6 {suivi de Qc5, les Noirs seraient également condamnés.}) (
34... Qe4 35. Rxb5) 35. Rxh5+ $3 {et les Noirs abandonnèrent. Prendre la Tour
coûterait la Dame} 1-0